Proexportná politika musí nadobudnúť širší záber
Snaha štátnych orgánov riešiť problém narastania schodku platobnej bilancie. Vyčerpanie extenzívnych možností rastu zahraničného obchodu. Príčiny poklesu dynamiky exportu. Príčiny poklesu dynamiky exportu strojárskej výroby. Snahy o oživenie strojárstva - potreba prehodnotenia koncepcie oživenia str...
Guardado en:
| Autor principal: | |
|---|---|
| Formato: | Capítulo de libro |
| Lenguaje: | eslovaco |
| Materias: | |
| Etiquetas: |
Sin Etiquetas, Sea el primero en etiquetar este registro!
|
MARC
| LEADER | 00000naa a2200000 4500 | ||
|---|---|---|---|
| 001 | r026461 | ||
| 005 | 20230921080341.6 | ||
| 041 | 0 | |a slo | |
| 044 | |a SK | ||
| 245 | 1 | 0 | |a Proexportná politika musí nadobudnúť širší záber |c Juraj Borovský |
| 520 | |a Snaha štátnych orgánov riešiť problém narastania schodku platobnej bilancie. Vyčerpanie extenzívnych možností rastu zahraničného obchodu. Príčiny poklesu dynamiky exportu. Príčiny poklesu dynamiky exportu strojárskej výroby. Snahy o oživenie strojárstva - potreba prehodnotenia koncepcie oživenia strojárstva. Okruhy nevyhnutných systémových opatrení. | ||
| 610 | 2 | 0 | |a vývoz |
| 610 | 2 | 0 | |a obchod zahraničný |
| 610 | 2 | 0 | |a podpora vývozu |
| 610 | 2 | 0 | |a bilancia platobná |
| 610 | 2 | 0 | |a priemysel strojársky |
| 610 | 2 | 0 | |a Slovensko |
| 100 | 1 | |a Borovský, Juraj | |